00765nam a2200229 k 4500001001300000005001500013008004100028020003300069040001900102049001700121056001400138090002100152100001100173245011400184260002500298300002400323504005400347653004400401700001100445740006800456950001100524KMO20260055320260331090719260328s2025 ggk 001 kor a9791159259593g03340c\27000 a146043c1460430 lMEM000012130 a346.1126 a346.11b박94ㅁ1 a박혁10a민주당의 역사 1955-2025b시민과 더불어 써 내려간 대한민국 현대 정치사d박혁 지음 a파주b들녘c2025 a600p.b계보c23cm a참고문헌, "민주당 연표"와 색인 수록 a민두장a역사a정치사a한국사1 a박혁02a시민과 더불어 써 내려간 대한민국 현대 정치사0 b\27000 |
|---|